Brazzaville Charms (Record no. 8992)

MARC details
000 -LEADER
fixed length control field 00549nam a22001937a 4500
003 - CONTROL NUMBER IDENTIFIER
control field OSt
005 - DATE AND TIME OF LATEST TRANSACTION
control field 20240627113937.0
008 - FIXED-LENGTH DATA ELEMENTS--GENERAL INFORMATION
fixed length control field 240627b |||||||| |||| 00| 0 eng d
020 ## - INTERNATIONAL STANDARD BOOK NUMBER
International Standard Book Number 9780711227989
040 ## - CATALOGING SOURCE
Transcribing agency MUST
082 ## - DEWEY DECIMAL CLASSIFICATION NUMBER
Classification number 364.1967 KNI 2007
100 ## - MAIN ENTRY--PERSONAL NAME
Personal name Knight , Cassie
9 (RLIN) 18247
245 ## - TITLE STATEMENT
Title Brazzaville Charms
Remainder of title : magic and rebellion in the republic of Congo
260 ## - PUBLICATION, DISTRIBUTION, ETC. (IMPRINT)
Place of publication, distribution, etc. London
Name of publisher, distributor, etc. : Frances Lincoln limited
300 ## - PHYSICAL DESCRIPTION
Extent 239p.
Other physical details : ill
Dimensions ; 22cm
504 ## - BIBLIOGRAPHY, ETC. NOTE
Bibliography, etc includes index
650 ## - SUBJECT ADDED ENTRY--TOPICAL TERM
Topical term or geographic name as entry element Magic and rebellion
9 (RLIN) 18248
942 ## - ADDED ENTRY ELEMENTS (KOHA)
Source of classification or shelving scheme Dewey Decimal Classification
Koha item type Open Shelf
Holdings
Withdrawn status Lost status Source of classification or shelving scheme Damaged status Not for loan Home library Current library Date acquired Source of acquisition Inventory number Total Checkouts Full call number Barcode Date last seen Price effective from Koha item type
    Dewey Decimal Classification     MUST Main Library MUST Main Library 27/06/2024 Purchase 14/37864   364.1967 KNI 2007 2024-21550 27/06/2024 27/06/2024 Open Shelf
    Dewey Decimal Classification     MUST Main Library MUST Main Library 27/06/2024 Purchase 14/37865   364.1967 KNI 2007 2024-21551 27/06/2024 27/06/2024 Open Shelf
    Dewey Decimal Classification     MUST Main Library MUST Main Library 27/06/2024 Purchase 14/37863   364.1967 KNI 2007 2024-21553 27/06/2024 27/06/2024 Open Shelf